000 01052nam a22002057a 4500
999 _c57349
_d57349
003 Ge_BSU
005 20200609115325.0
008 200527s2017 ge ||||| |||| 00| 0 geo d
020 _a9789941947926
041 _ageo
080 _a347.21(479.22)(075.8) შ-81
100 _aშოთაძე, თამარ.
_98219
245 _aსანივთო (ქონებრივი) სამართალი :თეორია, პრაქტიკა, შედარებითი კვლევა :
_bსაუნივერსიტეტო სახელმძღვანელო /
_cთამარ შოთაძე.
264 _aთბილისი :
_b ბონა კაუზა,
_c2017.
300 _a544 გვ. ;
_b20 სმ.
490 _aიურისტის ბიბლიოთეკა
504 _a ბიბლიოგრ. ტექსტის შენიშვნებში.
653 _a საქართველოს სანივთო სამართალი
942 _2udc
_cBK